Human genetics and the immune system /

Bibliographic Details
Main Authors: Yashon, Ronnee K., (Author), Cummings, Michael R., (Author)
Format: eBook
Language:English
Published: New York, New York : Momentum Press, [2020]
Subjects:
Online Access:Click to View
LEADER 01578nam a2200397 i 4500
001 EBC5854887
003 MiAaPQ
005 20200520144314.0
006 m o d |
007 cr cnu||||||||
008 190912s2020 nyu ob 001 0 eng d
020 |z 9781946646569 
020 |a 9781946646576 (e-book) 
035 |a (MiAaPQ)EBC5854887 
035 |a (Au-PeEL)EBL5854887 
035 |a (OCoLC)1113927794 
040 |a MiAaPQ  |b eng  |e rda  |e pn  |c MiAaPQ  |d MiAaPQ 
050 4 |a QR184  |b .Y374 2020 
082 0 |a 616.079  |2 23 
100 1 |a Yashon, Ronnee K.,  |e author. 
245 1 0 |a Human genetics and the immune system /  |c Ronnee Yashon, Michael R. Cummings. 
264 1 |a New York, New York :  |b Momentum Press,  |c [2020] 
264 4 |c 2020 
300 |a 1 online resource (64 pages) 
336 |a text  |b txt  |2 rdacontent 
337 |a computer  |b c  |2 rdamedia 
338 |a online resource  |b cr  |2 rdacarrier 
504 |a Includes bibliographical references and index. 
588 |a Description based on print version record. 
590 |a Electronic reproduction. Ann Arbor, MI : ProQuest, 2018. Available via World Wide Web. Access may be limited to ProQuest affiliated libraries. 
650 0 |a Immunogenetics. 
655 4 |a Electronic books. 
700 1 |a Cummings, Michael R.,  |e author. 
776 0 8 |i Print version:  |a Yashon, Ronnee K.  |t Human genetics and the immune system.  |d New York, New York : Momentum Press, c2020   |h 64 pages   |z 9781946646569 
797 2 |a ProQuest (Firm) 
856 4 0 |u https://ebookcentral.proquest.com/lib/matrademy/detail.action?docID=5854887  |z Click to View